000 00506nam a2200181Ia 4500
005 20250508153021.0
008 008 250505s9999 xx 000 0 hin d
037 _aTextual
040 _aFEDL
_beng
_cFEDL
041 _ahin
_2hin
084 _a634.954, CHA
_qFEDL
100 _aChauhan Lal Bahadur Singh
_9762986
245 0 _aBharat ke pramukh phal
260 _aDelhi, India
_bAtma Ram and Sons
_c1962
300 _a72p
942 _cTEXL
_h634.954, CHA
999 _c1340173
_d1340173